• 首页
  • 本馆介绍
  • 公告通知
  • 最新文献
  • 馆藏检索
  • 电子资源
  • 读者导购
  • 参考咨询
  • 我的图书馆
  • 登录
  • 详细信息显示
  • 放入我的书架
  • 预约/预借图书
  • 作者相关作品
  • 分类相关作品
  • 丛书相关作品
  • 出版社相关作品

书目信息

  • 表格格式
  • 工作单格式
  • 卡片格式
题名:
电影院声学与建筑学
    
 
作者: 卡切洛维奇 , Качерович , 霍穆托夫 , Хомутов 著 ;陈绎勤 译
分册:  
出版信息: 北京   中国电影出版社  1981
页数: 307页
开本: 19cm
丛书名:
单 册:
中图分类: TU242.2 , TN912.15
科图分类:
主题词: 电影院-建筑声学 , 建筑声学-电影院 , 电影院-建筑学 , 建筑学-电影院 , 电声技术 , 语音数据处理
电子资源:
ISBN:
000 01276nam0 2200385 45
001 0181006404
005 20040517084917.5
010    @dCNY1.60
091    @a15061.167
100    @a19950616d1981 emky0chiy0121 ea
101 1  @achi@crus
102    @aCN@b110000
105    @ay z 000yy
106    @ar
200 10 @a电影院声学与建筑学@Adian ying yuan sheng xue yu jian zhu xue@f(苏)卡切洛维奇(А.Н.Качерович),(苏)霍穆托夫(Е.Е.Хомутов)著@g陈绎勤译
210    @a北京@c中国电影出版社@d1981
215    @a307页@d19cm
300    @a书名原文:Акустика и архитектура кинотеатра
510 1  @aАкустика и архитектура кинотеа тра@zrus
606    @a电影院-建筑声学
606    @a建筑声学-电影院
606    @a电影院-建筑学
606    @a建筑学-电影院
606 0  @a电声技术
606 0  @a语音数据处理
690    @aTU242.2@v3
690    @aTN912.15
701  1 @a卡切洛维奇@Aka qie luo wei qi@bА.Н.@4著
701 A1 @aКачерович@bА.Н.@4著
701  1 @a霍穆托夫@Ahuo mu tuo fu@bЕ.Е.@4著
701 A1 @aХомутов@bЕ.Е.@4著
702  0 @a陈绎勤@Achen yi qin@4译
801  0 @aCN@b上海图书馆@c20040517
801  2 @aCN@bNLC@c20040517
905    @f1@b72867@dTN912.15@e9
    
    电影院声学与建筑学/(苏)卡切洛维奇(А.Н.Качерович),(苏)霍穆托夫(Е.Е.Хомутов)著/陈绎勤译.-北京:中国电影出版社,1981
    307页;19cm
    书名原文:Акустика и архитектура кинотеатра
    
    ISBN :CNY1.60
    
●
相关链接 在E读中查询图书 在五车中查询图书 在当当中查询图书 在豆瓣中查询图书


正题名:电影院声学与建筑学     索取号:TN912.15/9         预约/预借

序号 登录号 条形码 馆藏地/架位号 状态 备注
1 0072867   001323605   第三借阅区/ [索取号:TN912.15/9] 在馆    
2 0072868   001323696   第二样本阅览室/ [索取号:TN912.15/9] 在馆    
唐山师范学院图书馆 欢迎您!
大连网信软件有限公司© 版权所有